Name The Stores At Briarwood, Ann Arbor Quiz Stats

 Plays Quiz not verified by Sporcle

Challenge
Share
Tweet
Embed
Score 0/40 Timer 10:00
0 Plays Today
Store % Correct
Macys
81.4%
Sears
69.1%
Abercrombie
59.8%
American Eagle
55.7%
Gap
55.7%
JC Penny
53.6%
Hollister
49.5%
Forever 21
45.4%
Hot Topic
37.1%
Von Maur
36.1%
Express
34%
banana republic
33%
M Den
32%
Claires
29.9%
j crew
27.8%
H and M
24.7%
Coach
23.7%
Pac Sun
21.6%
ann taylor
21.6%
Payless
19.6%
Store % Correct
Justice
18.6%
California Pizza Kitchen
17.5%
the limited
16.5%
mrs. fields
16.5%
The Buckle
13.4%
Pottery Barn
13.4%
Williams Sonoma
11.3%
Eddie Bauer
11.3%
Olgas
10.3%
Arbys
9.3%
Sbarro
9.3%
The Icing
8.2%
Gymboree
8.2%
sprint
5.2%
Vanity
3.1%
Lens Crafters
3.1%
DOC
2.1%
it...
2.1%
China Wok
0%
rasuls
0%

You're not logged in!

Compare scores with friends on all Sporcle quizzes.
OR
Log In

You Might Also Like...

Show Comments

Extras

Created Nov 24, 2009ReportNominate
Tags:ann, Ann Arbor, arbor, mall, store

Top Quizzes Today


Score Distribution

Your Account Isn't Verified!

In order to create a playlist on Sporcle, you need to verify the email address you used during registration. Go to your Sporcle Settings to finish the process.

Report this User

Report this user for behavior that violates our Community Guidelines.

Details: